Evaluación educativa 2 (Record no. 29344)

MARC details
000 -LEADER
campo de control de longitud fija 00766mc a2200229a 44500
001 - NÚMERO DE CONTROL
campo de control NM030037
003 - IDENTIFICADOR DE NÚMERO DE CONTROL
campo de control RG CODE MARC
008 - DATOS DE LONGITUD FIJA--INFORMACIÓN GENERAL
campo de control de longitud fija 95020s2007 ||||||||||||||000 | spa||
005 - FECHA Y HORA DE LA ÚLTIMA TRANSACCIÓN
campo de control 20251028183339.0
020 ## - NÚMERO INTERNACIONAL ESTÁNDAR DEL LIBRO
Número Internacional Estándar del Libro 950-550-194-3
040 ## - FUENTE DE CATALOGACIÓN
Centro catalogador/agencia de origen ORG CODE MARC
100 ## - ENTRADA PRINCIPAL--NOMBRE DE PERSONA
Nombre de persona Santos Guerra, Miguel Angel
9 (RLIN) 34769
245 ## - MENCIÓN DEL TÍTULO
Título Evaluación educativa 2
Mención de responsabilidad, etc. Miguel Angel Santos Guerra
250 ## - MENCION DE EDICION
Mención de edición 5ª reimpr.
260 ## - PUBLICACIÓN, DISTRIBUCIÓN, ETC.
Lugar de publicación, distribución, etc. Buenos Aires
Nombre del editor, distribuidor, etc. Magisterio del Río de la Plata
300 ## - DESCRIPCIÓN FÍSICA
Extensión 270 p.
Otras características físicas 22 cm.
490 ## - MENCIÓN DE SERIE
Mención de serie Respuestas educativas
500 ## - NOTA GENERAL
Nota general Subtítulo: Un enfoque práctico de la evaluación de alumnos, profesores, centros educativos y materiales didácticos
500 ## - NOTA GENERAL
Nota general Donación de Pablo Vernola, 2025
500 ## - NOTA GENERAL
Nota general Bibliografía: p. 247-267
942 ## - ELEMENTOS DE ENTRADA SECUNDARIOS (KOHA)
Tipo de ítem Koha Colección General
Holdings
Estatus retirado Estado de pérdida Estado de daño No para préstamo Biblioteca de origen Biblioteca actual Fecha de adquisición Total de préstamos Código de barras Visto por última vez Precio de reemplazo Tipo de ítem Koha
        Biblioteca Pluis Biblioteca Pluis 28/10/2025   046900 28/10/2025 28/10/2025 Colección General